Výpočet základu dane - čiastkového základu dane pri dani z príjmov fyzických osôb v prípade viac druhov príjmov
Výpočet čiastkového základu dane, ak daňovník dostane za príslušné zdaňovacie obdobie viac druhov príjmov. Príjmy, pri ktorých sa neuplatňujú výdavky, a príjmy zdanené osobitnou sadzbou dane. Výdavky pri príjmoch z prenájmu. Výdavky pri ostatných príjmoch.
Guardado en:
| Autor principal: | |
|---|---|
| Formato: | Capítulo de libro |
| Lenguaje: | eslovaco |
| Materias: | |
| Etiquetas: |
Sin Etiquetas, Sea el primero en etiquetar este registro!
|
MARC
| LEADER | 00000naa a2200000 4500 | ||
|---|---|---|---|
| 001 | r018571 | ||
| 005 | 20221213100214.2 | ||
| 041 | 0 | |a slo | |
| 044 | |a SK | ||
| 245 | 1 | 0 | |a Výpočet základu dane - čiastkového základu dane pri dani z príjmov fyzických osôb v prípade viac druhov príjmov |c Svetlana Faiglová |
| 520 | |a Výpočet čiastkového základu dane, ak daňovník dostane za príslušné zdaňovacie obdobie viac druhov príjmov. Príjmy, pri ktorých sa neuplatňujú výdavky, a príjmy zdanené osobitnou sadzbou dane. Výdavky pri príjmoch z prenájmu. Výdavky pri ostatných príjmoch. | ||
| 610 | 2 | 0 | |a dane |
| 610 | 2 | 0 | |a dane z príjmov |
| 610 | 2 | 0 | |a príjmy |
| 610 | 2 | 0 | |a výdavky |
| 100 | 1 | |a Faiglová, Svetlana | |